Sports Quiz

Random Sports or Baseball Quiz

MLB Team Hit Leaders 2010 Quiz Stats

 Plays Quiz not verified by Sporcle

Score 0/150 Timer 15:00
0 Plays Today
Team Player % Correct
New York YankeesDerek Jeter
98.9%
New York YankeesRobinson Cano
97.8%
New York YankeesAlex Rodriguez
97.1%
Washington NationalsIvan Rodriguez
96.7%
New York YankeesMark Teixeira
96.4%
Tampa Bay RaysEvan Longoria
94.9%
Tampa Bay RaysCarl Crawford
94.2%
Minnesota TwinsJoe Mauer
93.8%
Chicago White SoxAlexi Ramirez
93.8%
Florida MarlinsHanley Ramirez
93.8%
Chicago CubsAramis Ramirez
93.8%
Detroit TigersMiguel Cabrera
93.5%
Cleveland IndiansAsdrubal Cabrera
93.5%
Atlanta BravesMelky Cabrera
93.5%
Baltimore OriolesAdam Jones
92%
Seattle MarinersIchiro Suzuki
92%
Philadelphia PhilliesRyan Howard
92%
New York MetsDavid Wright
92%
Pittsburgh PiratesGarrett Jones
92%
Minnesota TwinsDelmon Young
91.7%
Texas RangersMichael Young
91.7%
Arizona DiamondbacksChris Young
91.7%
Texas RangersJosh Hamilton
91.3%
Tampa Bay RaysB.J. Upton
90.2%
St. Louis CardinalsAlbert Pujols
90.2%
Arizona DiamondbacksJustin Upton
90.2%
Chicago White SoxPaul Konerko
89.9%
Boston Red SoxAdrian Beltre
89.5%
Boston Red SoxDavid Ortiz
89.5%
Cincinnati RedsJoey Votto
89.5%
San Diego PadresAdrian Gonzalez
88.8%
Colorado RockiesCarlos Gonzalez
88.8%
New York YankeesNick Swisher
88%
Milwaukee BrewersPrince Fielder
88%
Philadelphia PhilliesJayson Werth
87.3%
Milwaukee BrewersRyan Braun
87%
Baltimore OriolesNick Markakis
86.2%
Philadelphia PhilliesShane Victorino
85.5%
Houston AstrosCarlos Lee
85.5%
Toronto Blue JaysVernon Wells
84.4%
New York MetsJose Reyes
84.4%
Toronto Blue JaysJose Bautista
83.3%
Boston Red SoxVictor Martinez
83%
Washington NationalsAdam Dunn
83%
St. Louis CardinalsMatt Holliday
83%
Florida MarlinsDan Uggla
81.5%
Washington NationalsRyan Zimmerman
81.5%
Cincinnati RedsBrandon Phillips
81.5%
Los Angeles DodgersMatt Kemp
81.5%
Boston Red SoxJ.D. Drew
81.2%
Team Player % Correct
Kansas City RoyalsBilly Butler
81.2%
San Francisco GiantsAubrey Huff
81.2%
Arizona DiamondbacksStephen Drew
81.2%
Los Angeles Angels of AnaheimTorii Hunter
79.3%
Texas RangersVladimir Guerrero
78.6%
Los Angeles DodgersAndre Ethier
78.6%
Cleveland IndiansShin-Soo Choo
77.5%
Tampa Bay RaysBen Zobrist
76.1%
Colorado RockiesTroy Tulowitzki
75.7%
Texas RangersNelson Cruz
75%
Atlanta BravesJason Heyward
74.6%
Philadelphia PhilliesPlacido Polanco
74.3%
Oakland AthleticsRajai Davis
73.6%
New York MetsIke Davis
73.6%
Milwaukee BrewersRickie Weeks
72.8%
Detroit TigersAustin Jackson
72.5%
San Francisco GiantsPablo Sandoval
72.5%
Philadelphia PhilliesRaul Ibanez
72.1%
Toronto Blue JaysAdam Lind
71.7%
Minnesota TwinsMichael Cuddyer
71.7%
Houston AstrosHunter Pence
71.7%
Chicago CubsAlfonso Soriano
71.4%
Atlanta BravesMartin Prado
71%
Cincinnati RedsJay Bruce
69.9%
Atlanta BravesBrian McCann
68.5%
Tampa Bay RaysJason Bartlett
68.1%
St. Louis CardinalsYadier Molina
67.8%
Detroit TigersBrandon Inge
66.3%
Cincinnati RedsScott Rolen
65.9%
Cleveland IndiansTravis Hafner
65.2%
Seattle MarinersChone Figgins
65.2%
Minnesota TwinsDenard Span
64.5%
Houston AstrosChris Johnson
64.1%
Arizona DiamondbacksKelly Johnson
64.1%
Florida MarlinsGaby Sanchez
63%
San Francisco GiantsFreddy Sanchez
63%
Colorado RockiesTodd Helton
62.7%
Atlanta BravesOmar Infante
62.3%
Texas RangersElvis Andrus
61.2%
Los Angeles Angels of AnaheimBobby Abreu
60.1%
Pittsburgh PiratesAndrew McCutchen
60.1%
Chicago White SoxAlex Rios
59.8%
Milwaukee BrewersCorey Hart
59.8%
Los Angeles DodgersJames Loney
59.4%
Chicago White SoxJuan Pierre
59.1%
New York MetsAngel Pagan
59.1%
Houston AstrosMichael Bourn
58.7%
Baltimore OriolesMatt Wieters
54.3%
Oakland AthleticsDaric Barton
54%
Boston Red SoxMarco Scutaro
53.6%
Team Player % Correct
Baltimore OriolesLuke Scott
53.6%
Minnesota TwinsOrlando Hudson
50.4%
Seattle MarinersJose Lopez
50.4%
San Francisco GiantsAndres Torres
50%
Los Angeles Angels of AnaheimHideki Matsui
49.6%
Washington NationalsNyjer Morgan
49.6%
Chicago CubsRyan Theriot
49.6%
Detroit TigersJohnny Damon
48.9%
Los Angeles Angels of AnaheimHowie Kendrick
48.2%
Arizona DiamondbacksAdam LaRoche
48.2%
Los Angeles DodgersRafael Furcal
47.8%
Chicago White SoxA.J. Pierzynski
47.1%
San Francisco GiantsJuan Uribe
46%
Los Angeles DodgersCasey Blake
46%
Toronto Blue JaysLyle Overbay
45.7%
Florida MarlinsCody Ross
45.7%
Chicago CubsStarlin Castro
45.7%
Chicago CubsMarlon Byrd
45.3%
Los Angeles Angels of AnaheimErick Aybar
44.6%
Toronto Blue JaysJohn Buck
44.2%
Baltimore OriolesTy Wigginton
43.8%
Kansas City RoyalsDavid DeJesus
43.8%
St. Louis CardinalsColby Rasmus
41.3%
Oakland AthleticsKevin Kouzmanoff
39.5%
Seattle MarinersFranklin Gutierrez
39.5%
Florida MarlinsJorge Cantu
39.5%
Milwaukee BrewersCasey McGehee
39.5%
Kansas City RoyalsYuniesky Betancourt
39.1%
Kansas City RoyalsScott Podsednik
39.1%
Oakland AthleticsMark Ellis
37.7%
Oakland AthleticsCliff Pennington
37%
San Diego PadresDavid Eckstein
36.2%
St. Louis CardinalsSkip Schumaker
35.1%
San Diego PadresChase Headley
34.8%
Colorado RockiesDexter Fowler
34.4%
Cincinnati RedsJonny Gomes
33.7%
Pittsburgh PiratesNeil Walker
31.2%
Washington NationalsIan Desmond
29%
Detroit TigersBrennan Boesch
26.4%
New York MetsJeff Francoeur
25.7%
San Diego PadresJerry Hairston Jr.
25.7%
Colorado RockiesMiguel Olivo
23.2%
Seattle MarinersCasey Kotchman
22.5%
Cleveland IndiansMatt LaPorta
21.4%
San Diego PadresWill Venable
21%
Kansas City RoyalsMike Aviles
20.7%
Houston AstrosJeff Keppinger
18.1%
Pittsburgh PiratesJose Tabata
18.1%
Cleveland IndiansTrevor Crowe
10.9%
Pittsburgh PiratesRonny Cedeno
10.9%

You're not logged in!

Compare scores with friends on all Sporcle quizzes.
OR
Log In

Show Comments

Extras

Top Quizzes Today


Score Distribution

Your Account Isn't Verified!

In order to create a playlist on Sporcle, you need to verify the email address you used during registration. Go to your Sporcle Settings to finish the process.

Report this User

Report this user for behavior that violates our Community Guidelines.

Details: